[Event "MEX-ch"]
[Site "Hermosillo"]
[Date "2003.12.05"]
[Round "8"]
[White "Capo Vidal, Uriel"]
[Black "Chavez Sias, Mario"]
[Result "0-1"]
[WhiteElo "2206"]
[BlackElo "1932"]
[PlyCount "136"]
[EventDate "2003.12.01"]
[EventType "swiss"]
[EventRounds "9"]
[EventCountry "MEX"]
[SourceTitle "CBM 097 Extra"]
[Source "ChessBase"]
[SourceDate "2004.01.13"]
[SourceVersion "1"]
[SourceVersionDate "2004.01.13"]
[SourceQuality "1"]

1. d4 d5 2. c4 c6 3. cxd5 cxd5 4. Nc3 g6 5. Nf3 Bg7 6. Bf4 Nf6 7. e3 0-0 8. h3 Nc6 9. Rc1 a6 10. Bd3 h6 11. Qd2 Nh5 12. Bh2 e6 13. Be2 Nf6 14. Ne5 Bd7 15. 0-0 Nxe5 16. Bxe5 Bc6 17. Rfd1 Qe7 18. b4 Ne4 19. Nxe4 dxe4 20. Bxg7 Kxg7 21. Rc5 Rfd8 22. Qb2 Kh7 23. Rdc1 Rd5 24. Qc2 Qd7 25. Rc3 e5 26. Bc4 exd4 27. Bxd5 dxc3 28. Bxc6 Qxc6 29. Qxc3 Qe6 30. Qc4 Re8 31. Kf1 Kg8 32. Qxe6 Rxe6 33. a4 Kg7 34. Ke2 Kf6 35. Rc7 Rb6 36. Rc4 Ke5 37. f4+ exf3+ 38. gxf3 f5 39. Kd3 Rd6+ 40. Ke2 Rc6 41. f4+ Kd5 42. Rd4+ Ke6 43. Kf3 Rc2 44. Rd8 Rc4 45. Rh8 h5 46. b5 axb5 47. axb5 Rc5 48. Kg3 Rxb5 49. Kh4 Kd5 50. Re8 Rb1 51. Kg5 Rg1+ 52. Kf6 b5 53. Re5+ Kc4 54. e4 fxe4 55. Rxe4+ Kc3 56. f5 gxf5 57. Re5 b4 58. Rxf5 b3 59. Rxh5 b2 60. Rb5 b1Q 61. Rxb1 Rxb1 62. h4 Rh1 63. Kg5 Kd4 64. h5 Ke5 65. Kg6 Ke6 66. h6 Rg1+ 67. Kh7 Kf6 68. Kh8 Kg6 0-1